000 00366nam a2200145Ia 4500
008 240624s9999 xx 000 0 und d
041 _aeng
082 _a658.408 INS
100 _aICSI
245 _aCORPORATE GOVERNANCE MODULES OF BEST PRA
250 _a(5th ed.)
260 _c2006
_aNew Delhi
_bTaxmann
300 _ai-20, : 733 : p. : cm. ; 24
365 _cRS
_b20
999 _c5384
_d5384